Происхождение религии (Запис № 308958)
[ простий вигляд ]
| 000 -LEADER | |
|---|---|
| fixed length control field | 00718nam a22002537a 4500 |
| 001 - CONTROL NUMBER | |
| control field | 22730 |
| 003 - CONTROL NUMBER IDENTIFIER | |
| control field | UA-OsUOA |
| 005 - DATE AND TIME OF LATEST TRANSACTION | |
| control field | 20201215201801.0 |
| 007 - PHYSICAL DESCRIPTION FIXED FIELD--GENERAL INFORMATION | |
| fixed length control field | ta |
| 008 - FIXED-LENGTH DATA ELEMENTS--GENERAL INFORMATION | |
| fixed length control field | 20031224b un ||||| |||| 00| 0 ukr d |
| 040 ## - CATALOGING SOURCE | |
| Original cataloging agency | UA-OsUOA |
| Language of cataloging | rus |
| Transcribing agency | UA-OsUOA |
| Modifying agency | UA-OsUOA |
| 041 ## - LANGUAGE CODE | |
| Language code of text/sound track or separate title | rus |
| 044 ## - COUNTRY OF PUBLISHING/PRODUCING ENTITY CODE | |
| MARC country code | RU |
| 080 ## - UNIVERSAL DECIMAL CLASSIFICATION NUMBER | |
| Universal Decimal Classification number | 2 (091) |
| 090 ## - LOCALLY ASSIGNED LC-TYPE CALL NUMBER (OCLC); LOCAL CALL NUMBER (OCLC) | |
| Classification number (OCLC) (R) ; Classification number, CALL (RLIN) (NR) | 2 (091) |
| Local cutter number (OCLC) ; Book number/undivided call number, CALL (RLIN) | Н64 |
| 100 ## - MAIN ENTRY--PERSONAL NAME | |
| Personal name | Никольский В. К. |
| 245 ## - TITLE STATEMENT | |
| Title | Происхождение религии |
| 260 ## - PUBLICATION, DISTRIBUTION, ETC. (IMPRINT) | |
| Place of publication, distribution, etc | Москва |
| Name of publisher, distributor, etc | Госкультпросветиздат |
| Date of publication, distribution, etc | 1949 |
| 300 ## - PHYSICAL DESCRIPTION | |
| Extent | 87 с. |
| 650 #7 - SUBJECT ADDED ENTRY--TOPICAL TERM | |
| Topical term or geographic name as entry element | 2 Релігія. Теологія. |
| Source of heading or term | UDC |
| 942 ## - ADDED ENTRY ELEMENTS (KOHA) | |
| Koha item type | Книги |
| Source of classification or shelving scheme | Universal Decimal Classification |
| 955 ## - COPY-LEVEL INFORMATION (RLIN) | |
| Classification number, CCAL (RLIN) | Науково-популярні видання |
| Withdrawn status | Lost status | Source of classification or shelving scheme | Damaged status | Not for loan | Home library | Current library | Date acquired | Source of acquisition | Cost, normal purchase price | Inventory number | Total Checkouts | Full call number | Barcode | Date last seen | Price effective from | Koha item type |
|---|---|---|---|---|---|---|---|---|---|---|---|---|---|---|---|---|
| Universal Decimal Classification | ЧЗ - Читальна зала | ЧЗ - Читальна зала | 18/06/2013 | 42/2013 | 7.00 | 143029 | 2 (091) Н64 | 143029 | 07/02/2022 | 24/12/2003 | Книги | |||||
| Universal Decimal Classification | ЧЗ - Читальна зала | ЧЗ - Читальна зала | 17/06/2013 | 42/2013 | 7.00 | 143023 | 2 (091) Н64 | 143023 | 09/02/2022 | 25/12/2003 | Книги |